| 000 | 03970ngm a22004574i 4500 | ||
|---|---|---|---|
| 001 | 991061311297206706 | ||
| 003 | ES-BaIT | ||
| 005 | 20260416150307.0 | ||
| 008 | 250404s2002 gw ||| |-|||||q|| vlest|c | ||
| 024 | 4 | _a4006680103785 | |
| 028 | 4 | 0 |
_a100 378 _bArthaus |
| 040 |
_aES-BaIT _bcat _erda _cES-BaIT |
||
| 041 | 0 |
_dest _feng _fger _ffre _fspa _jeng _jger _jfre _jspa |
|
| 080 | _a793.5(086.8) | ||
| 130 | 0 |
_aBamboo dream (Coreografia) _9169277 |
|
| 245 | 1 | 0 |
_aBamboo dream / _cCloud Gate Dance Theatre of Taiwan ; choreography by Lin Hwai-Min ; music by Arvo Pärt ; flute Huang Shenk-Kai ; technical director Joost Winckelhagen ; executive producer Swantje Ehrentreich ; producer Bernhard Fleischer; directed for DVD by Ross MacGibbon |
| 264 | 1 |
_aMunich : _bArtHaus Musik, _bRM Associates, _c2002 |
|
| 300 |
_a1 videodisc (DVD) (63 min + 25 min d'extres): _bcolor, so; _c19 cm + _e1 llibret (25 pàgines) |
||
| 336 |
_aimatge en moviment bidimensional _btdi _2rdacontent |
||
| 337 |
_avídeo _bv _2rdamedia |
||
| 338 |
_avideodisc _bvd _2rdacarrier |
||
| 344 |
_adigital _bòptic _gestèreo _hDolby digital 5.1 _2rda |
||
| 346 | _bPAL | ||
| 347 |
_afitxer vídeo _bDVD vídeo _etotes les regions _2rda |
||
| 500 | _aFormat de pantalla (16:9) | ||
| 508 | _aCrèdits de les músiques de l'espectacle: Frates (For piano and violin) / Gidon Kremer violin, Keith Jarrett piano -- Fratres (For 12 cellos) / the 12 cellist of The Berlin Philharmonic Orchestra -- Cantus in Memory of Benjamin Britten / Staatsorchester Stuttgart ; conducted by Dennis Russel Davies -- Tabula Rasa / Gidon Kremer violin, Tatjana Grindenko violin, Alfred Schnittke prepared piano ; Lithuanian Chamber Music Orchestra ; conducted by Saulus Sondeckis -- Darf ich... / Gidon Kremer violin ; Kremerata Baltica | ||
| 508 | _aLighting desing Chang Tsan-Tao ; set desing Austin Wang ; costume design Chen Wan-Li ; A BFMI production for RM Associates / Hessischer Rundfunk in association with ARTE in co-production with YLE TV 1, YLE Teema, PTS, SF DRS | ||
| 511 | _aBallarins: Huang Sheng‑Kai, Sung Chao‑Chiun, Tang Kuo‑Feng, Tsai Ming‑Yuan,Tsao Kuei‑Hsing, Wang Chih‑Hao, Wu I‑Fang, Lin Tzu-Chun, Chu I-Wen, Chou Wei-Ping, Huang Pei-Hua, Lin Ya-Wen, Wen Ching-Ching, Yang I-Chun, Sheu Fang-Yi, Chou Chang-Ning, i altres | ||
| 520 | _a"En Bamboo Dream, el Cloud Gate Dance Theatre de Taiwán realiza un impresionante programa de baile moderno inspirado en el bambú de hoja perenne. Muy elogiado por los poetas a lo largo de los siglos, el bambú simboliza la integridad y la elegancia simple y también es objeto de muchas historias y leyendas. En el folclore chino, los bosques de bambú son el hogar de ninfas y dioses y sirven como refugio para los sabios en tiempos de peligro político. A diferencia de las otras obras del coreógrafo Lin Hwai-min, que se realizan típicamente en un estilo ballético prolongado, Bamboo Dream se caracteriza por secuencias vigorosas, parecidas a la danza, algunas de las cuales son positivamente occidentales/europeas en términos de dinámica, gesto y expresión. El Cloud Gate Dance Theatre de Taiwán realiza estos bailes con una combinación de algunas de las piezas más conocidas del compositor estonio Arvo Pärt y melodías improvisadas por el flautista chino Huang Sheng-Kai." --- amazon.com | ||
| 546 | _aTaula de contiguts en anglès, alemany, francès i castellà i subtítols en anglès, alemany, francès i castellà. Fullet en anglès i alemany | ||
| 650 | 4 |
_aDansa contemporània _xCoreografies _956603 |
|
| 655 | 4 |
_aDansa filmada _9168293 |
|
| 700 | 1 |
_aPärt, Arvo _ecompositor _988678 |
|
| 700 | 1 |
_aLin, Huaimin _ecoreògraf _9123670 |
|
| 700 | 1 |
_aMacGibbon, Ross _edirector cinematogràfic _930789 |
|
| 700 | 1 | 2 |
_iContenidor de (obra) _aMacGibbon, Ross. _tSecret of the bamboo grove _9169278 |
| 710 | 2 |
_aCloud Gate Dance Theatre of Taiwan _eballarí _993894 |
|
| 908 | _aCDMAE | ||
| 940 | _aCDMAE | ||
| 942 |
_2udc _c5 |
||
| 999 |
_c137384 _d137384 |
||